00581 a2200169 4500003000400000005001700004008004100021020001800062040000900080082001800089245007600107260003200183300000900215942004200224952012800266999001700394OSt20231223123214.0231223b |||||||| |||| 00| 0 eng d a9789350723166 coclc a891.43bLIM/P aPRAGYASURYA DR BABASAHAB AMBEDKAR /cedited by Dr. Sharan Kumar Limbale aNew Delhi:bVani Prakashan, a347p 2ddccBKh891.43iLIM/Pk891.43mLIM/P 00102ddc40708LITaMESbMEScHINd2023-12-23l0o891.43 LIM/Pp43182r2023-12-23 12:32:53v595.00w2023-12-23yBKzGR6R3 c43548d43548